000 00285nam a2200133Ia 4500
008 190216s9999||||xx |||||||||||||| ||und||
100 _aKisin V.I
245 0 _aScience For Everyone
250 _a1st Ed.
260 _bNull
_c1986
300 _a260
650 _aPhysics
942 _cBK
999 _c33201
_d33201